| 000 | 00480nam a2200181Ia 4500 | ||
|---|---|---|---|
| 008 | 240925s9999 xx 000 0 und d | ||
| 020 | _aNA | ||
| 082 | _a005.133 CHO | ||
| 100 | _aChoori, Chuua See | ||
| 245 | 0 | _aD Base 111 Plus Tips tricks and traps | |
| 250 | _aNA | ||
| 260 |
_aNA _bNot Available _cNA |
||
| 300 |
_a499p. _bNA _fOriginal |
||
| 500 | _aIncludes Index | ||
| 600 | _aComputer Science | ||
| 650 | _aComputer science, information & general works | ||
| 942 | _cBK | ||
| 999 |
_c2514 _d2514 |
||